WHATS POPPIN (Remix) - Jack Harlow - All Lyrics - Statistics

General Stats
  • This quiz has been taken 14 times
  • The average score is 692 of 1042
Answer Stats
Answer % Correct
a
100%
hahaha)
100%
L.A.
100%
like
100%
Mm,
100%
n***a
100%
n***a,
100%
New
100%
new
100%
n****s
100%
(Oh)
100%
(Oh,
100%
oh)
100%
Ooh,
100%
ooh
100%
ooh,
100%
(Ooh)
100%
poppin'?
100%
(Poppin')
100%
the
100%
The
100%
(Uh)
100%
uh
100%
(Wah)
100%
what
100%
What's
100%
what's
100%
Whoop
100%
(Woo)
100%
(Woo,
100%
I
92%
in
92%
in,
92%
in)
92%
In
92%
my
92%
My
92%
So
92%
so
92%
These
92%
these
92%
to
92%
whip,
92%
whip
92%
bitch
83%
bitch,
83%
De
83%
do
83%
go
83%
got
83%
Got
83%
ho,
83%
ho
83%
it
83%
it)
83%
it,
83%
just
83%
(Just
83%
Just
83%
She
83%
she
83%
When
83%
when
83%
all
75%
All
75%
and
75%
And
75%
are
75%
Back
75%
back
75%
boy
75%
Brand-new
75%
Call
75%
DaBaby,
75%
'em
75%
her
75%
her,
75%
Hop
75%
hopped
75%
I'm
75%
"I'm
75%
I'ma
75%
it's
75%
"It's
75%
It's
75%
me
75%
me,
75%
me"
75%
no
75%
of
75%
On
75%
on
75%
on,
75%
Phoenix
75%
remix
75%
that
75%
That
75%
them
75%
with
75%
Ayy,
67%
(Ayy)
67%
"Babe,
67%
Baby,
67%
be
67%
'bout
67%
boys
67%
cinnamon
67%
city
67%
could
67%
daddy,
67%
Don
67%
five
67%
give
67%
joshin'
67%
know
67%
now
67%
Now
67%
one
67%
options
67%
pass
67%
penis
67%
pennies
67%
playin'
67%
pull
67%
Robert
67%
shot,
67%
somebody
67%
sons
67%
Stockton
67%
swirl
67%
tell
67%
ten
67%
That's
67%
that's
67%
they
67%
this
67%
top
67%
up
67%
up,
67%
yeah,
67%
(Yeah)
67%
yeah
67%
Yeah,
67%
York,
67%
you
67%
You
67%
young
67%
account
58%
anything
58%
arenas
58%
Arenas
58%
bad
58%
balance
58%
Balance
58%
bank
58%
Bell,
58%
body
58%
borough
58%
bought
58%
brackin'?
58%
Brain
58%
brain
58%
callin'
58%
chicks
58%
churro
58%
company
58%
demons,
58%
diamond,
58%
dick
58%
dick,
58%
DM,
58%
done,
58%
done
58%
each
58%
ever
58%
fill
58%
fuck
58%
Fuck
58%
futon,
58%
gave
58%
holiday
58%
home,
58%
keep
58%
locked
58%
mansion
58%
means
58%
never
58%
Niro
58%
noggin"
58%
old
58%
out
58%
plane
58%
put
58%
Put
58%
rid
58%
Said,
58%
said
58%
said,
58%
Same
58%
say
58%
seen
58%
shit
58%
shit,
58%
Shoot
58%
spend
58%
spin
58%
SportsCenter,
58%
state
58%
still
58%
Still
58%
Taco
58%
ticket,
58%
told
58%
Took
58%
toxins
58%
treat
58%
watch
58%
Zeros
58%
zeros
58%
(Zeros)
58%
ain't
50%
as
50%
Batman,
50%
"Bring
50%
Burrow
50%
check
50%
daughter
50%
don't
50%
down
50%
down,
50%
eat
50%
(Eat
50%
end
50%
father
50%
feel
50%
from
50%
genius
50%
Gilbert
50%
glacier,
50%
good,
50%
good
50%
hoes
50%
is
50%
jet
50%
Jimmy
50%
kiss
50%
knows
50%
left
50%
Neutron,
50%
nobody
50%
phone,
50%
pocket
50%
pulled
50%
pussy
50%
real
50%
scholar
50%
shit's
50%
shoe
50%
shorty
50%
song
50%
then
50%
thorough
50%
today"
50%
town
50%
wanna
50%
water
50%
We
50%
we
50%
your
50%
zone
50%
Apple
42%
ball
42%
Batmobile
42%
Believe
42%
believe
42%
broski,
42%
bust
42%
but
42%
(Cap),
42%
(Cap)
42%
cap-ass
42%
come
42%
comin'
42%
couple
42%
creative
42%
deep
42%
deepthroat?"
42%
does
42%
easy
42%
feelin'
42%
Fiji
42%
for
42%
forth
42%
freeski
42%
fucked
42%
fuckin'
42%
gotta
42%
harder"
42%
here
42%
hurt
42%
I'll
42%
lie
42%
lie,
42%
life,
42%
Lil'
42%
lips
42%
low
42%
Magic,
42%
music
42%
number
42%
over
42%
play
42%
rap-ass
42%
raps
42%
reason
42%
rich,
42%
run
42%
stay
42%
stylish,
42%
take
42%
tennis
42%
Tory
42%
UK
42%
was
42%
wasn't
42%
way
42%
yesterday
42%
active,
33%
again,
33%
again
33%
approach
33%
bed
33%
been
33%
Billboard,
33%
bitches,
33%
bitches
33%
buyin'
33%
cappin',
33%
'Cause
33%
celly
33%
denim
33%
Dropped
33%
dropped
33%
face
33%
F&N
33%
friends
33%
hit,
33%
illuminatin'
33%
lit,
33%
lowski
33%
lung
33%
maggots
33%
Magnums
33%
make
33%
not
33%
Pac-Man,
33%
sell
33%
sellin'
33%
soldier
33%
Squeegee
33%
thing
33%
though,
33%
though
33%
use
33%
want
33%
Watches
33%
watered
33%
Yello
33%
ask
25%
black
25%
blonde
25%
caught
25%
Cleveland
25%
college
25%
cough
25%
Dark-haired
25%
diamonds,
25%
"Email
25%
Five-star
25%
flew
25%
Gonna
25%
had
25%
Jeong,
25%
Mello
25%
mileage,
25%
much
25%
need
25%
one-year-old
25%
Peachtree
25%
reach
25%
rockin'
25%
'round
25%
scat
25%
Shego
25%
skin
25%
soda
25%
(Soda)
25%
stunt
25%
toast
25%
toddler
25%
tone
25%
used
25%
wallet
25%
wanted
25%
will
25%
work
25%
aftermath
17%
ashes
17%
better
17%
BM
17%
brown
17%
came
17%
card
17%
coolin'
17%
Corleone
17%
croski,
17%
Cullinan
17%
dancers
17%
dragons
17%
drinkin'
17%
fit
17%
follow
17%
gets
17%
Jacks
17%
Ken
17%
long
17%
many
17%
masked
17%
ninety-nine
17%
numbers
17%
Or
17%
orange
17%
Paxson,
17%
problems
17%
ruler
17%
Runnin'
17%
slatt
17%
slide
17%
Stuck
17%
tattletalers,
17%
teeth,
17%
tongue
17%
Although
8%
around
8%
Bentayga,
8%
case
8%
Creole
8%
dreams,
8%
drown
8%
extendi
8%
G-ski,
8%
him
8%
Kief
8%
milk
8%
Neo,
8%
Obama,
8%
pre-roll
8%
Presidential
8%
Rollie,
8%
send
8%
slime
8%
strong,
8%
tax
8%
throne,
8%
tips,
8%
Orleans,
0%
No matching quizzes found
Score Distribution
Percent of People with Each Score
Percentile by Number Answered
Your Score History
You have not taken this quiz